| 000 -LEADER | |
|---|---|
| fixed length control field | 00342nam a22001217a 4500 |
| 005 - DATE AND TIME OF LATEST TRANSACTION | |
| control field | 20170824155920.0 |
| 008 - FIXED-LENGTH DATA ELEMENTS--GENERAL INFORMATION | |
| fixed length control field | 170824b xxu||||| |||| 00| 0 eng dVD |
| 041 ## - LANGUAGE CODE | |
| Language code of text/sound track or separate title | eng |
| 245 ## - TITLE STATEMENT | |
| Title | Web Technology With Advanced Java |
| Medium | [electronic resource] |
| 260 ## - PUBLICATION, DISTRIBUTION, ETC. (IMPRINT) | |
| Name of publisher | University Science Press |
| 300 ## - PHYSICAL DESCRIPTION | |
| Number of Pages | 1 CD-ROM |
| Accompanying material | Received along with book. |
| 942 ## - ADDED ENTRY ELEMENTS (KOHA) | |
| Koha item type | CD/DVD |
| Lost status | Damaged status | Home library | Current library | Date acquired | Accession Number | Koha item type |
|---|---|---|---|---|---|---|
| JRU Library | 30/08/2016 | WTWAJ0002 | CD/DVD | |||
| JRU Library | 30/08/2016 | WTWAJ0003 | CD/DVD | |||
| JRU Library | 30/08/2016 | WTWAJ0004 | CD/DVD | |||
| JRU Library | 30/08/2016 | WTWAJ0005 | CD/DVD |